| 000 | 00809nam a2200265 a 4500 | ||
|---|---|---|---|
| 001 | 61279 | ||
| 003 | BD-RjUL | ||
| 005 | 20211209080937.0 | ||
| 008 | 170116s1982 txua 001 0 eng d | ||
| 020 | _a0256027129 | ||
| 035 | _a(BD-RjUL)61403 | ||
| 040 |
_aDLC _cDLC _dDLC _dBD-RjUL _beng |
||
| 041 | _aeng | ||
| 082 | 0 | 0 |
_223 _a658.8 _bPEP 1982 |
| 100 | 1 |
_aPeter, J. Paul. _9182767 |
|
| 245 | 1 | 2 |
_aA preface to marketing management / _cJ. Paul Peter, James H. Donnelly, Jr., Lawrence X. Tarpey. |
| 250 | _aRev. ed. | ||
| 260 |
_aPlano, Tex. : _bBusiness Publications, _c1982. |
||
| 300 |
_axii, 275 p. : _bill. ; _c23 cm. |
||
| 500 | _aIncludes indexes. | ||
| 650 | 0 |
_aMarketing _xManagement. _9175868 |
|
| 700 | 1 |
_aDonnelly, James H. _9175077 |
|
| 700 | 1 |
_aTarpey, Lawrence X. _9182768 |
|
| 942 |
_2ddc _cBK |
||
| 999 |
_c61279 _d61279 |
||